[Event "GRE-ch U16"]
[White "Triantafyllakis, Dimitrios"]
[Black "Moysidis, Anastasios"]
[Site "Peristeri"]
[Round "8"]
[Result "1-0"]
[Date "2024.06.27"]
[WhiteElo "1961"]
[BlackElo "1860"]
[PlyCount "151"]
[EventDate "2024.06.22"]
[EventType "swiss"]
[EventRounds "9"]
[EventCountry "GRE"]
[SourceTitle "EXT 2025"]
[Source "ChessBase"]
[SourceDate "2024.10.14"]
[SourceVersion "1"]
[SourceVersionDate "2024.10.14"]
[SourceQuality "1"]

1. e4 c5 2. Nf3 e6 3. c4 Nc6 4. d4 cxd4 5. Nxd4 Nf6 6. Nc3 d6 7. Be3 Be7 8. Be2 0-0 9. 0-0 Bd7 10. Qd2 Nxd4 11. Bxd4 Bc6 12. f3 a6 13. Rfd1 Qb8 14. a4 Nd7 15. b4 b6 16. Bf1 a5 17. b5 Bb7 18. Qb2 Bf6 19. Bf2 Rd8 20. Rac1 Nc5 21. Qa2 Qc7 22. g3 Rac8 23. Ne2 Qe7 24. Nf4 g6 25. Bg2 h5 26. h4 Kg7 27. Rc2 Rc7 28. Be3 Rcd7 29. Re2 Rc7 30. Nh3 Rcd7 31. Bf2 Qf8 32. Nf4 Qe7 33. Be3 Kg8 34. Nh3 Qf8 35. Nf4 Ba8 36. Bh3 Rc7 37. Qc2 Qg7 38. Red2 Qf8 39. Kf2 Kh8 40. Bxc5 dxc5 41. Rxd8 Bxd8 42. Bxe6 Bf6 43. Bd5 Bd4+ 44. Kg2 Bxd5 45. Nxd5 Rb7 46. f4 Qc8 47. Qe2 Qe6 48. e5 Kg7 49. Re1 Rb8 50. Qe4 Kf8 51. Rc1 Bb2 52. Rc2 Bd4 53. Nf6 Kg7 54. Kf3 Qh3 55. Rg2 Qh1 56. Qe2 Qa1 57. g4 Qc3+ 58. Ke4 hxg4 59. Rxg4 Rd8 60. Nd5 Qb3 61. Rg2 Qb1+ 62. Kf3 Qh1 63. Kg3 Rb8 64. h5 gxh5 65. Rh2 Qg1+ 66. Kh4 Kf8 67. Rg2 Qh1+ 68. Kg5 h4 69. Kf6 Qh3 70. Qg4 Qxg4 71. Rxg4 Rb7 72. Rxh4 Ke8 73. Rh8+ Kd7 74. Kxf7 Bxe5 75. fxe5 Rb8 76. e6+ 1-0

[Event "GRE-ch U16"]
[White "Triantafyllakis, Dimitrios"]
[Black "Stoimenidis, Markos"]
[Site "Peristeri"]
[Round "1"]
[Result "1-0"]
[Date "2024.06.22"]
[WhiteElo "1961"]
[BlackElo "1690"]
[PlyCount "47"]
[EventDate "2024.06.22"]
[EventType "swiss"]
[EventRounds "9"]
[EventCountry "GRE"]
[SourceTitle "EXT 2025"]
[Source "ChessBase"]
[SourceDate "2024.10.14"]
[SourceVersion "1"]
[SourceVersionDate "2024.10.14"]
[SourceQuality "1"]

1. e4 c5 2. Nf3 Nc6 3. d4 cxd4 4. Nxd4 Nf6 5. Nc3 e5 6. Ndb5 d6 7. Bg5 a6 8. Na3 Be7 9. Bxf6 gxf6 10. Nc4 f5 11. Ne3 Nd4 12. exf5 Nxf5 13. Nxf5 Bxf5 14. Bc4 Rc8 15. Bb3 Qa5 16. 0-0 Rg8 17. Qf3 Bg6 18. Qxb7 Rxc3 19. bxc3 Qxc3 20. Qb8+ Bd8 21. Qxd6 Be7 22. Qb8+ Bd8 23. Rad1 Ke7 24. Qd6+ 1-0

[Event "Chalkida Evoiki op 5th"]
[White "Triantafyllakis, Dimitrios"]
[Black "Loukopoulos, Panagiotis Athanasi"]
[Site "Chalkida"]
[Round "5"]
[Result "1/2-1/2"]
[Date "2023.01.07"]
[WhiteElo "1595"]
[BlackElo "2025"]
[PlyCount "46"]
[EventDate "2023.01.05"]
[EventType "swiss"]
[EventRounds "7"]
[EventCountry "GRE"]
[SourceTitle "CBM 212 Extra"]
[Source "ChessBase"]
[SourceDate "2023.03.31"]
[SourceVersion "1"]
[SourceVersionDate "2023.03.31"]
[SourceQuality "1"]

1. e4 e6 2. d4 d5 3. exd5 exd5 4. Nf3 Nc6 5. Bb5 Bd6 6. c4 dxc4 7. d5 a6 8. Ba4 b5 9. dxc6 bxa4 10. 0-0 Ne7 11. Nbd2 c3 12. Nc4 Be6 13. Qxa4 0-0 14. bxc3 Bd5 15. Nxd6 cxd6 16. Nd4 Qc8 17. c4 Bxc6 18. Nxc6 Nxc6 19. Ba3 Rd8 20. Rfd1 Ne5 21. Rac1 Qe6 22. Rd4 Qg6 23. Qd1 Rac8 1/2-1/2

[Event "GRE-chT U16 14th"]
[White "Triantafyllakis, Dimitrios"]
[Black "Tagkaloglou, Savvas Stefanos"]
[Site "Rio Achaia"]
[Round "4"]
[Result "1-0"]
[Date "2022.12.17"]
[WhiteElo "1530"]
[BlackElo "1779"]
[PlyCount "40"]
[EventDate "2022.12.15"]
[EventType "team-swiss"]
[EventRounds "6"]
[EventCountry "GRE"]
[SourceTitle "EXT 2024"]
[Source "ChessBase"]
[SourceDate "2023.10.10"]
[SourceVersion "1"]
[SourceVersionDate "2023.10.10"]
[SourceQuality "1"]

1. e4 c5 2. Nf3 e6 3. d4 cxd4 4. Nxd4 Nf6 5. Nc3 d6 6. g4 h6 7. Rg1 Nc6 8. Be3 d5 9. Bb5 Bd7 10. exd5 Nxd5 11. Nxd5 exd5 12. Qe2 Be7 13. 0-0-0 a6 14. Ba4 Kf8 15. Bb3 Nxd4 16. Bxd4 Bg5+ 17. Kb1 Be6 18. Be5 Bf6 19. f4 Bxe5 20. Qxe5 Qb8 1-0

[Event "GRE-chT U16 14th"]
[White "Schetakis, Georgios"]
[Black "Triantafyllakis, Dimitrios"]
[Site "Rio Achaia"]
[Round "3"]
[Result "0-1"]
[Date "2022.12.16"]
[WhiteElo "1196"]
[BlackElo "1530"]
[PlyCount "58"]
[EventDate "2022.12.15"]
[EventType "team-swiss"]
[EventRounds "6"]
[EventCountry "GRE"]
[SourceTitle "EXT 2024"]
[Source "ChessBase"]
[SourceDate "2023.10.10"]
[SourceVersion "1"]
[SourceVersionDate "2023.10.10"]
[SourceQuality "1"]

1. d4 Nf6 2. Nc3 d5 3. Bf4 e6 4. Nb5 Na6 5. e3 c6 6. Nc3 Nb8 7. Nf3 Be7 8. Bd3 0-0 9. g4 c5 10. dxc5 Bxc5 11. Nd4 Nc6 12. Nxc6 bxc6 13. g5 Nd7 14. Qh5 g6 15. Qh6 e5 16. Bg3 Re8 17. e4 Qa5 18. 0-0 Rb8 19. exd5 cxd5 20. Nxd5 Bf8 21. Qh4 Qxd5 22. Bc4 Qf3 23. Bxf7+ Qxf7 24. f4 Bb7 25. Rad1 e4 26. Qg4 Bc5+ 27. Bf2 e3 28. Rxd7 exf2+ 29. Rxf2 Re1# 0-1

[Event "GRE-ch U14"]
[White "Mylonakis, Ioannis Georg"]
[Black "Triantafyllakis, Dimitrios"]
[Site "Thessaloniki"]
[Round "9"]
[Result "1-0"]
[Date "2022.08.24"]
[WhiteElo "1738"]
[BlackElo "1341"]
[PlyCount "105"]
[EventDate "2022.08.18"]
[EventType "swiss"]
[EventRounds "9"]
[EventCountry "GRE"]
[SourceTitle "EXT 2024"]
[Source "ChessBase"]
[SourceDate "2023.10.10"]
[SourceVersion "1"]
[SourceVersionDate "2023.10.10"]
[SourceQuality "1"]

1. d4 Nf6 2. c4 e6 3. Nc3 Bb4 4. f3 0-0 5. e4 d5 6. e5 Nfd7 7. f4 c5 8. cxd5 exd5 9. a3 Bxc3+ 10. bxc3 Nc6 11. Nf3 Re8 12. Bd3 cxd4 13. cxd4 f6 14. 0-0 Nf8 15. Be3 Bg4 16. Qe1 f5 17. Rb1 Bxf3 18. Rxf3 Qd7 19. Qh4 a6 20. Rg3 Ne7 21. Qf6 Nfg6 22. Qb6 Rab8 23. Rg5 Qc6 24. Bxf5 Nxf5 25. Rxf5 Qc2 26. Rg5 Qe2 27. Rg3 Rf8 28. Rf1 Ne7 29. Qe6+ Rf7 30. Qd6 Re8 31. e6 Rf6 32. Qe5 Kf8 33. Bc1 Qxe5 34. fxe5 Rxf1+ 35. Kxf1 Nc6 36. Rf3+ Kg8 37. Rf7 Nxd4 38. Rxb7 Rxe6 39. Bb2 Nf5 40. Ke2 d4 41. Kd3 Rxe5 42. g4 Re3+ 43. Kd2 Nd6 44. Bxd4 Nxb7 45. Kxe3 Kf7 46. Ke4 Nd6+ 47. Kd5 Nb5 48. a4 Nxd4 49. Kxd4 Ke6 50. Kc5 g6 51. Kb6 Kd6 52. Kxa6 Kc6 53. g5 1-0

[Event "GRE-ch U14"]
[White "Sampsonoglou, Dimitrios"]
[Black "Triantafyllakis, Dimitrios"]
[Site "Thessaloniki"]
[Round "2"]
[Result "0-1"]
[Date "2022.08.19"]
[WhiteElo "1102"]
[BlackElo "1341"]
[PlyCount "68"]
[EventDate "2022.08.18"]
[EventType "swiss"]
[EventRounds "9"]
[EventCountry "GRE"]
[SourceTitle "EXT 2024"]
[Source "ChessBase"]
[SourceDate "2023.10.10"]
[SourceVersion "1"]
[SourceVersionDate "2023.10.10"]
[SourceQuality "1"]

1. e4 c5 2. Nf3 d6 3. d4 cxd4 4. Nxd4 Nf6 5. Nc3 a6 6. f3 e5 7. Nb3 Be6 8. Be3 Be7 9. Qd2 b5 10. a3 Nbd7 11. g4 Rc8 12. h4 Nb6 13. Bxb6 Qxb6 14. Nd5 Nxd5 15. exd5 Bd7 16. Bd3 0-0 17. g5 f5 18. gxf6 Rxf6 19. Be4 Bf5 20. 0-0-0 Bxe4 21. fxe4 Rf2 22. Qd3 Rfxc2+ 23. Qxc2 Rxc2+ 24. Kxc2 Bxh4 25. Kb1 Bf6 26. Rc1 Qe3 27. Ka2 Qxe4 28. Rc8+ Kf7 29. Rc7+ Kg6 30. Rg1+ Bg5 31. Rc6 Qxd5 32. Rxa6 h6 33. Ra5 Qc6 34. Rg3 e4 0-1

[Event "GRE-ch U14"]
[White "Triantafyllakis, Dimitrios"]
[Black "Tzortzatos, Dimosthenis Panagio"]
[Site "Thessaloniki"]
[Round "3"]
[Result "0-1"]
[Date "2022.08.19"]
[WhiteElo "1341"]
[BlackElo "1863"]
[PlyCount "52"]
[EventDate "2022.08.18"]
[EventType "swiss"]
[EventRounds "9"]
[EventCountry "GRE"]
[SourceTitle "EXT 2023"]
[Source "ChessBase"]
[SourceDate "2022.10.05"]
[SourceVersion "1"]
[SourceVersionDate "2022.10.05"]
[SourceQuality "1"]

1. e4 c5 2. Nf3 d6 3. d4 cxd4 4. Nxd4 Nf6 5. Nc3 a6 6. Be3 e5 7. Nb3 Be6 8. f4 exf4 9. Bxf4 Nc6 10. Qe2 Rc8 11. 0-0-0 Bg4 12. Qe3 Bxd1 13. Nxd1 Be7 14. h3 Nh5 15. Kb1 Nxf4 16. Qxf4 0-0 17. Nc3 Bf6 18. Nd5 Be5 19. Qd2 Ne7 20. Nb4 a5 21. Nd3 a4 22. Nbc1 a3 23. bxa3 Bc3 24. Qe2 Qa5 25. Nb3 Qxa3 26. Ndc1 Qb2# 0-1

[Event "GRE-ch U14"]
[White "Triantafyllakis, Dimitrios"]
[Black "Tsarsitalidis, Christos"]
[Site "Thessaloniki"]
[Round "1"]
[Result "1/2-1/2"]
[Date "2022.08.18"]
[WhiteElo "1341"]
[BlackElo "1896"]
[PlyCount "136"]
[EventDate "2022.08.18"]
[EventType "swiss"]
[EventRounds "9"]
[EventCountry "GRE"]
[SourceTitle "EXT 2023"]
[Source "ChessBase"]
[SourceDate "2022.10.05"]
[SourceVersion "1"]
[SourceVersionDate "2022.10.05"]
[SourceQuality "1"]

1. e4 c6 2. d4 d5 3. Nc3 dxe4 4. Nxe4 Nf6 5. Nxf6+ exf6 6. c3 Bd6 7. Bd3 0-0 8. Qc2 Re8+ 9. Ne2 h6 10. 0-0 Nd7 11. Bd2 Qc7 12. h3 Nf8 13. Rfe1 Bd7 14. c4 Qc8 15. Nf4 Rxe1+ 16. Rxe1 Qc7 17. Qc1 Bxf4 18. Bxf4 Qa5 19. a3 Re8 20. Rxe8 Bxe8 21. Be3 Ne6 22. Be2 f5 23. Qd1 f4 24. Bd2 Qg5 25. Bc3 Nc7 26. Bf3 Bd7 27. Kh2 Be6 28. Qe2 a6 29. b3 Qf6 30. Bb2 Qg5 31. Qe1 a5 32. d5 cxd5 33. Qxa5 Qe7 34. cxd5 Bf5 35. Qc3 f6 36. Qd4 Qd6 37. Qc4 b5 38. Qc6 Qxc6 39. dxc6 Kf7 40. Bd4 Ke6 41. Bc5 Na6 42. Bf8 g5 43. Bxh6 b4 44. axb4 Nxb4 45. h4 g4 46. c7 Kd7 47. Be2 f3 48. gxf3 gxf3 49. Bxf3 Kxc7 50. Bg7 Bc2 51. Bxf6 Bxb3 52. h5 Bc2 53. h6 Kd7 54. Kg3 Ke6 55. Bg7 Nd5 56. Be2 Bh7 57. f4 Ne3 58. Kf3 Nf5 59. Bc4+ Ke7 60. Ba2 Nd6 61. Kg4 Bf5+ 62. Kg5 Bh7 63. Bf6+ Kf8 64. Be5 Nf7+ 65. Kh5 Ke7 66. Bd5 Nd8 67. Kg4 Nf7 68. Bg7 Nd6 1/2-1/2

[Event "GRE-ch Online Rapid op 1st"]
[White "Triantafyllakis, Dimitrios"]
[Black "Alexiou, Dimitra"]
[Site "Tornelo INT"]
[Round "5"]
[Result "0-1"]
[Date "2021.02.06"]
[WhiteElo "1085"]
[BlackElo "1503"]
[PlyCount "62"]
[EventDate "2021.02.06"]
[EventType "swiss (rapid)"]
[EventRounds "8"]
[EventCountry "GRE"]
[SourceTitle "EXT 2023"]
[Source "ChessBase"]
[SourceDate "2022.10.05"]
[SourceVersion "1"]
[SourceVersionDate "2022.10.05"]
[SourceQuality "1"]

1. e4 e6 2. d4 b6 3. Nf3 Bb7 4. Bd3 Nf6 5. Bf4 Nxe4 6. Bxe4 Bxe4 7. Nc3 Bb7 8. 0-0 Be7 9. d5 0-0 10. Re1 Bb4 11. dxe6 fxe6 12. Bg5 Bxf3 13. Bxd8 Bxd1 14. Raxd1 Rxd8 15. Rxe6 Bxc3 16. bxc3 Nc6 17. Re3 Na5 18. Red3 d6 19. Kf1 Nc4 20. Rd4 Ne5 21. h3 Rf8 22. f4 c5 23. Re4 Rad8 24. Kg1 Ng6 25. g3 Kf7 26. Ra4 Rd7 27. Kg2 Re8 28. Kf2 Ne7 29. g4 Nc6 30. Rc4 Ree7 31. h4 b5 0-1

[Event "GRE-ch South U12"]
[White "Triantafyllakis, Dimitrios"]
[Black "Kazantzoglou, Stefanos"]
[Site "Athens"]
[Round "4"]
[Result "0-1"]
[Date "2020.08.30"]
[WhiteElo "1311"]
[BlackElo "1447"]
[PlyCount "97"]
[EventDate "2020.08.28"]
[EventType "swiss"]
[EventRounds "9"]
[EventCountry "GRE"]
[SourceTitle "EXT 2023"]
[Source "ChessBase"]
[SourceDate "2022.10.05"]
[SourceVersion "1"]
[SourceVersionDate "2022.10.05"]
[SourceQuality "1"]

1. e4 e5 2. Nf3 Nc6 3. Nc3 Nf6 4. d4 exd4 5. Nxd4 Bb4 6. Nxc6 bxc6 7. Bd3 d6 8. 0-0 Bg4 9. f3 Bc5+ 10. Kh1 Bc8 11. Na4 Bb6 12. Nxb6 axb6 13. Be3 0-0 14. Qd2 Re8 15. Rfe1 Nd7 16. Bg5 f6 17. Bh4 Ne5 18. Qc3 Bb7 19. a3 d5 20. exd5 cxd5 21. Bg3 d4 22. Qd2 c5 23. Be4 Bxe4 24. Rxe4 Nc4 25. Rxe8+ Qxe8 26. Qd3 Qf7 27. Qb3 Re8 28. Re1 Rxe1+ 29. Bxe1 Qe6 30. Bg3 Qe2 31. h4 Kf8 32. Qa4 Qe6 33. Qa8+ Kf7 34. Qb7+ Kg6 35. h5+ Kh6 36. Qc7 g5 37. hxg6 Kxg6 38. Qd8 Nxb2 39. Qa8 Nc4 40. Kh2 Ne3 41. Bf4 Nf5 42. Qf8 Ng7 43. a4 Qf5 44. Bg3 Qd5 45. Qc8 Qe6 46. Qc7 Nh5 47. Qb8 Nxg3 48. Qxg3+ Kf7 49. Qc7+ 0-1